00613nam a2200181 i 450000100060000000300090000600500170001500700030003200800410003510000240007624500530010026000360015330000390018960000450022885200210027399900170029495201200031190005ES-MaACL20250716062527.0t|050117s1908 xxk ||||1| eng d1 aLee, Sidney.97119312aA life of William Shakespeare / cby Sidney Lee. aLondon : bJohn Murray, c1908. aXXIX, 792 p., 10 lám. ; c23 cm.14aShakespeare, William,d1564-16169105992 aES-MaACLjA-2369 c90005d90005 00104070aATENEOMbATENEOMcSPP1d2008-01-17eSCl0oA-2369p1093994r2023-02-23 00:00:00w2023-02-23yMONOGRAFIA